Online
Catalog

Raíces y significación de la Protesta de Baragua / (Record no. 5533)

MARC details
000 -CABECERA
campo de control de longitud fija 00972cam a2200205 a 4500
001 - NÚMERO DE CONTROL
campo de control 000005737
005 - FECHA Y HORA DE LA ÚLTIMA TRANSACCIÓN
campo de control 20200929151750.0
008 - DATOS DE LONGITUD FIJA--INFORMACIÓN GENERAL
campo de control de longitud fija 800213s1978 cu b f001 0 spa
040 ## - FUENTE DE LA CATALOGACIÓN
Centro catalogador/agencia de origen DO-SdBNP
Lengua de catalogación spa
Centro/agencia transcriptor DLC
Centro/agencia modificador BNPHU
082 ## - NÚMERO DE LA CLASIFICACIÓN DECIMAL DEWEY
Número de clasificación 972.91061
Número de documento/Ítem A284r
100 1# - ENTRADA PRINCIPAL--NOMBRE DE PERSONA
Nombre de persona Aguirre, Sergio,
Fechas asociadas al nombre 1914-
9 (RLIN) 16229
245 10 - MENCIÓN DE TÍTULO
Título Raíces y significación de la Protesta de Baragua /
Mención de responsabilidad, etc. Sergio Aguirre.
260 ## - PUBLICACIÓN, DISTRIBUCIÓN, ETC.
Lugar de publicación, distribución, etc. La Habana, Cuba :
Nombre del editor, distribuidor, etc. Editora Política,
-- Política. Departamento de Orientación Revolucionaria del Comité Central del Partido Comunista de Cuba,
Fecha de publicación, distribución, etc. 1978.
300 ## - DESCRIPCIÓN FÍSICA
Extensión 99 p. ;
Dimensiones 19 cm.
500 ## - NOTA GENERAL
Nota general A la cabeza del título: Instituto de Historia del Movimiento Comunista y de la Revolución Socialista de Cuba, adjunto al Comité Central del Partido Comunista de Cuba.
504 ## - NOTA DE BIBLIOGRAFÍA, ETC.
Nota de bibliografía, etc. Incluye referencias bibliográficas : p. 98.
651 #4 - PUNTO DE ACCESO ADICIONAL DE MATERIA--NOMBRE GEOGRÁFICO
Nombre geográfico Cuba
Subdivisión general Historia
Subdivisión cronológica INSURRECCIÓN, 1868-1878.
9 (RLIN) 16230
600 14 - PUNTO DE ACCESO ADICIONAL DE MATERIA--NOMBRE DE PERSONA
Nombre de persona MACEO, ANTONIO,
Fechas asociadas al nombre 1845-1896.
9 (RLIN) 5593
910 ## - DATOS DE OPCIÓN DEL USUARIO (OCLC)
Datos de opción del usuario Catalogación por copia / LC
Holdings
Estado de retiro Estado de pérdida Restricciones de uso No para préstamo Código de colección Localización permanente Ubicación/localización actual Ubicación en estantería Fecha de adquisición Número de inventario Total de préstamos Signatura topográfica completa Código de barras Fecha visto por última vez Precio válido a partir de Tipo de ítem Koha
        Monografías: Libros y Folletos General General En catalogación 21.08.2009 LF1   972.91061 A284r 5737-10 25.06.2020 25.06.2020 Préstamo en sala

Powered by Koha